<?xml version="1.0" encoding="UTF-8"?>
<record
    xmlns:xsi="http://www.w3.org/2001/XMLSchema-instance"
    xsi:schemaLocation="http://www.loc.gov/MARC21/slim http://www.loc.gov/standards/marcxml/schema/MARC21slim.xsd"
    xmlns="http://www.loc.gov/MARC21/slim">

  <leader>03613nam a2200457 i 4500</leader>
  <controlfield tag="003">DO-SdBNP</controlfield>
  <controlfield tag="005">20250813102306.0</controlfield>
  <controlfield tag="007">ta</controlfield>
  <controlfield tag="008">250813b2025    dr o ||| |||| 000 0 spa d</controlfield>
  <datafield tag="020" ind1=" " ind2=" ">
    <subfield code="a">9789945292589</subfield>
  </datafield>
  <datafield tag="040" ind1=" " ind2=" ">
    <subfield code="a">DO-SdBNP</subfield>
    <subfield code="b">spa</subfield>
    <subfield code="c">BNPHU</subfield>
    <subfield code="e">rda</subfield>
  </datafield>
  <datafield tag="041" ind1=" " ind2=" ">
    <subfield code="a">spa</subfield>
  </datafield>
  <datafield tag="082" ind1=" " ind2=" ">
    <subfield code="a">xxx</subfield>
    <subfield code="b">L865</subfield>
    <subfield code="2">22</subfield>
  </datafield>
  <datafield tag="100" ind1="1" ind2=" ">
    <subfield code="a">Lora, Fanny</subfield>
    <subfield code="e">autora</subfield>
    <subfield code="4">aut.</subfield>
    <subfield code="9">30255</subfield>
  </datafield>
  <datafield tag="245" ind1="1" ind2="0">
    <subfield code="a">Motivos para celebrar :</subfield>
    <subfield code="b">gu&#xED;a esencial para eventos en casa y grandes festividades /</subfield>
    <subfield code="c">Fanny Lora ; pr&#xF3;logo, Jaime Sued ; edici&#xF3;n, Carmen Rita Malag&#xF3;n, Michelle Del Villar ; fotograf&#xED;as, Alberto Liranzo, F&#xE9;lix Sep&#xFA;lveda, Gabriel Franco, Guarionex Pichardo, Jenna P&#xE9;rez y otros  </subfield>
  </datafield>
  <datafield tag="250" ind1=" " ind2=" ">
    <subfield code="a">Primera edici&#xF3;n</subfield>
  </datafield>
  <datafield tag="264" ind1=" " ind2="4">
    <subfield code="a">Santo Domingo : </subfield>
    <subfield code="b">[editor no identificado], </subfield>
    <subfield code="c">&#xA9;2025.</subfield>
  </datafield>
  <datafield tag="300" ind1=" " ind2=" ">
    <subfield code="a">274 P&#xE1;ginas : </subfield>
    <subfield code="b">fotograf&#xED;as</subfield>
    <subfield code="c">27 cm.</subfield>
  </datafield>
  <datafield tag="336" ind1=" " ind2=" ">
    <subfield code="a">texto</subfield>
    <subfield code="b">txt</subfield>
    <subfield code="2">rdacontent</subfield>
  </datafield>
  <datafield tag="337" ind1=" " ind2=" ">
    <subfield code="a">sin mediaci&#xF3;n</subfield>
    <subfield code="b">n</subfield>
    <subfield code="2">rdamedia</subfield>
  </datafield>
  <datafield tag="338" ind1=" " ind2=" ">
    <subfield code="a">volumen</subfield>
    <subfield code="b">nc</subfield>
    <subfield code="2">rdacarrier</subfield>
  </datafield>
  <datafield tag="500" ind1=" " ind2=" ">
    <subfield code="a">Encuadernaci&#xF3;n en pasta dura o carton&#xE9;.</subfield>
  </datafield>
  <datafield tag="500" ind1=" " ind2=" ">
    <subfield code="a">Consejos e inspiraciones. </subfield>
  </datafield>
  <datafield tag="505" ind1="2" ind2=" ">
    <subfield code="g">Fanny home --</subfield>
    <subfield code="t">Sobre Fanny home --</subfield>
    <subfield code="t">Textiles --</subfield>
    <subfield code="t">Piezas de barro /</subfield>
    <subfield code="g">Celebraciones en casa --</subfield>
    <subfield code="t">Motivos para celebrar --</subfield>
    <subfield code="t">D&#xED;a de las madres --</subfield>
    <subfield code="t">Celebrando a pap&#xE1; --</subfield>
    <subfield code="t">Que los cumplas feliz --</subfield>
    <subfield code="t">Cena para dos --</subfield>
    <subfield code="t">Caf&#xE9; compartido --</subfield>
    <subfield code="t">Celebraciones al aire libre --</subfield>
    <subfield code="t">Encuentro entre chicas --</subfield>
    <subfield code="t">Buen anfitri&#xF3;n, buen invitado --</subfield>
    <subfield code="t">Cena de acci&#xF2;n de gracias --</subfield>
    <subfield code="t">Lleg&#xF3; la navidad /</subfield>
    <subfield code="g">Celebraciones en grande --</subfield>
    <subfield code="t">El placer de celebrar --</subfield>
    <subfield code="t">Industrial y rom&#xE1;ntica --</subfield>
    <subfield code="t">Partimos para la Toscana --</subfield>
    <subfield code="t">Un cuento de hadas --</subfield>
    <subfield code="t">Un jard&#xED;n para la novia --</subfield>
    <subfield code="t">En la costa Amalfiana --</subfield>
    <subfield code="t">El ramo de la novia --</subfield>
    <subfield code="t">La ceremonia --</subfield>
    <subfield code="t">La pista de baile /</subfield>
    <subfield code="g">Procigar --</subfield>
    <subfield code="t">Una aventura compartida --</subfield>
    <subfield code="t">Somos Caribe, somos color 2018 --</subfield>
    <subfield code="t">El barro de mi tierra 2019 --</subfield>
    <subfield code="t">El tr&#xF2;pico en siluetas 2020 -- </subfield>
    <subfield code="t">El tr&#xF3;pico en matices 2022 --</subfield>
    <subfield code="t">Cenas de gala procigar --</subfield>
    <subfield code="t">Piezas en subasta --</subfield>
    <subfield code="t">Memorias de tabaco /</subfield>
  </datafield>
  <datafield tag="520" ind1=" " ind2=" ">
    <subfield code="a">Fanny Lora, interiorista, creadora artesanal y visionaria en la organizaci&#xF3;n de eventos, comparte su mundo de formas, texturas y emociones a trav&#xE9;s de tres pilares fundamentales: el dise&#xF1;o de espacios &#xFA;nicos, la magia de las celebraciones en casa y el esplendor de los grandes eventos.

Desde las piezas de barro moldeadas con sus propias manos hasta textiles que transforman mesas en escenarios vibrantes, "Fanny Home" revela el coraz&#xF3;n creativo detr&#xE1;s de cada proyecto. En "Celebraciones en Casa", Fanny invita a los lectores a descubrir el arte de ser un buen anfitri&#xF3;n, con consejos pr&#xE1;cticos, recetas deliciosas y detalles que hacen cada encuentro algo memorable.

En "Celebraciones en Grande", su capitulo final, nos muestra c&#xF3;mo la esencia de cada pareja o empresa se convierten en bodas y eventos inolvidables, donde la atenci&#xF3;n al detalle es clave.</subfield>
  </datafield>
  <datafield tag="590" ind1=" " ind2=" ">
    <subfield code="a">Inventariado, 2025/ YL</subfield>
  </datafield>
  <datafield tag="700" ind1="1" ind2=" ">
    <subfield code="a">Sued, Jaime </subfield>
    <subfield code="e">prologuista</subfield>
    <subfield code="4">pr.</subfield>
    <subfield code="9">85685</subfield>
  </datafield>
  <datafield tag="700" ind1="1" ind2=" ">
    <subfield code="a">, Carmen Rita Malag&#xF3;n</subfield>
    <subfield code="e">edici&#xF3;n</subfield>
    <subfield code="4">ed.</subfield>
    <subfield code="9">88490</subfield>
  </datafield>
  <datafield tag="700" ind1="1" ind2=" ">
    <subfield code="a">, Michelle Del Villar </subfield>
    <subfield code="e">edici&#xF3;n</subfield>
    <subfield code="4">ed.</subfield>
    <subfield code="9">88491</subfield>
  </datafield>
  <datafield tag="700" ind1="1" ind2=" ">
    <subfield code="a">Liranzo, Alberto </subfield>
    <subfield code="e">fotograf&#xED;as</subfield>
    <subfield code="4">fot.</subfield>
    <subfield code="9">88492</subfield>
  </datafield>
  <datafield tag="700" ind1="1" ind2=" ">
    <subfield code="a">Sep&#xFA;lveda, F&#xE9;lix </subfield>
    <subfield code="e">fotograf&#xED;as</subfield>
    <subfield code="4">fot.</subfield>
    <subfield code="9">43009</subfield>
  </datafield>
  <datafield tag="700" ind1="1" ind2=" ">
    <subfield code="a">Franco, Gabriel </subfield>
    <subfield code="e">fotograf&#xED;as</subfield>
    <subfield code="4">fot.</subfield>
    <subfield code="9">88493</subfield>
  </datafield>
  <datafield tag="700" ind1="1" ind2=" ">
    <subfield code="a">Pichardo, Guarionex </subfield>
    <subfield code="e">fotograf&#xED;as</subfield>
    <subfield code="4">fot.</subfield>
    <subfield code="9">88494</subfield>
  </datafield>
  <datafield tag="700" ind1="1" ind2=" ">
    <subfield code="a">P&#xE9;rez, Jenna </subfield>
    <subfield code="e">fotograf&#xED;as</subfield>
    <subfield code="4">fot.</subfield>
    <subfield code="9">88495</subfield>
  </datafield>
  <datafield tag="700" ind1="1" ind2=" ">
    <subfield code="a">S&#xE1;nchez, Melody</subfield>
    <subfield code="e">fotograf&#xED;as</subfield>
    <subfield code="4">fot.</subfield>
    <subfield code="9">88496</subfield>
  </datafield>
  <datafield tag="700" ind1="1" ind2=" ">
    <subfield code="a">Maunier, Michelle</subfield>
    <subfield code="e">fotograf&#xED;as</subfield>
    <subfield code="4">fot.</subfield>
    <subfield code="9">88497</subfield>
  </datafield>
  <datafield tag="700" ind1="1" ind2=" ">
    <subfield code="a">Wachao, Michy</subfield>
    <subfield code="e">fotograf&#xED;as</subfield>
    <subfield code="4">fot.</subfield>
    <subfield code="9">88498</subfield>
  </datafield>
  <datafield tag="700" ind1="1" ind2=" ">
    <subfield code="a">Bencosme, Misael</subfield>
    <subfield code="e">fotograf&#xED;as</subfield>
    <subfield code="4">fot.</subfield>
    <subfield code="9">88499</subfield>
  </datafield>
  <datafield tag="910" ind1=" " ind2=" ">
    <subfield code="a">Ylockward</subfield>
  </datafield>
  <datafield tag="942" ind1=" " ind2=" ">
    <subfield code="2">ddc</subfield>
    <subfield code="c">LBS1</subfield>
  </datafield>
  <datafield tag="952" ind1=" " ind2=" ">
    <subfield code="0">0</subfield>
    <subfield code="1">0</subfield>
    <subfield code="2">ddc</subfield>
    <subfield code="5">1</subfield>
    <subfield code="7">0</subfield>
    <subfield code="8">PD-R</subfield>
    <subfield code="a">BNPHU</subfield>
    <subfield code="b">BNPHU</subfield>
    <subfield code="c">CT</subfield>
    <subfield code="d">2025-08-06</subfield>
    <subfield code="e">Dep&#xF3;sito Legal</subfield>
    <subfield code="l">0</subfield>
    <subfield code="o">BNPHU PD xxx L865</subfield>
    <subfield code="p">2025-8400</subfield>
    <subfield code="r">2025-08-13</subfield>
    <subfield code="w">2025-08-13</subfield>
    <subfield code="y">LBS1</subfield>
  </datafield>
  <datafield tag="952" ind1=" " ind2=" ">
    <subfield code="0">0</subfield>
    <subfield code="1">0</subfield>
    <subfield code="2">ddc</subfield>
    <subfield code="5">1</subfield>
    <subfield code="7">0</subfield>
    <subfield code="8">PD-R</subfield>
    <subfield code="a">BNPHU</subfield>
    <subfield code="b">BNPHU</subfield>
    <subfield code="c">CT</subfield>
    <subfield code="d">2025-08-06</subfield>
    <subfield code="e">Dep&#xF3;sito Legal</subfield>
    <subfield code="l">0</subfield>
    <subfield code="o">BNPHU PD xxx L865</subfield>
    <subfield code="p">2025-8401</subfield>
    <subfield code="r">2025-08-13</subfield>
    <subfield code="t">e. 2</subfield>
    <subfield code="w">2025-08-13</subfield>
    <subfield code="y">LBS1</subfield>
  </datafield>
  <datafield tag="952" ind1=" " ind2=" ">
    <subfield code="0">0</subfield>
    <subfield code="1">0</subfield>
    <subfield code="2">ddc</subfield>
    <subfield code="5">6</subfield>
    <subfield code="7">0</subfield>
    <subfield code="8">DS-R</subfield>
    <subfield code="a">BNPHU</subfield>
    <subfield code="b">BNPHU</subfield>
    <subfield code="c">CT</subfield>
    <subfield code="d">2025-08-06</subfield>
    <subfield code="e">Dep&#xF3;sito Legal</subfield>
    <subfield code="l">0</subfield>
    <subfield code="o">BNPHU DS xxx L865</subfield>
    <subfield code="p">2025-8402</subfield>
    <subfield code="r">2025-08-13</subfield>
    <subfield code="t">e. 3</subfield>
    <subfield code="w">2025-08-13</subfield>
    <subfield code="y">LBS1</subfield>
  </datafield>
  <datafield tag="999" ind1=" " ind2=" ">
    <subfield code="c">59784</subfield>
    <subfield code="d">59784</subfield>
  </datafield>
</record>
